000 00416nmm a2200145Ia 4500
008 251105s9999||||xx |||||||||||||||||und||
041 _aspa
100 _aDalmau i Ribalta, Antoni
245 0 _aLos cátaros
264 _a[Madrid, España] :
_bUniversitat Oberta de Catalunya,
_c2015
300 _a104 páginas
650 _aReligion(s)
856 _uhttps://public.digitaliapublishing.com/a/44002
942 _cCF
999 _c105743
_d105743